000 004420000a22001090004500
100 1 _aMolano Bravo, Alfredo
245 1 0 _aSe muere el tapón del Darién : Un viaje a lo largo de las selvas de Urabá revela las amenazas que tienen en peligro de desaparecer a una de las reservas ecológicas más ricas del país
300 _aVol. 33, Num. 33 (Enero, 1994), Páginas 24-27
700 1 _aRamirez, Constanza
773 0 _tCambio 16
942 _cANA
999 _c58364
_d58364